000
00399nam a2200133Ia 4500
008
100328s9999 xx 000 0 und d
082
_b
17539
100
_a
प्रीतम अमृता
245
_a
बन्द दरवाजा
260
_b
शिक्षा भारती
630
_a
बन्द दरवाजा
730
_a
बन्द दरवाजा
942
_c
BOOK
999
_c
512101
_d
512098